Granddaughter of the sun : a study of Euripides' Medea /
This book attempts to view Medea in a positive light: looking not just at her failed relationships, but also at her successful ones and commenting on her intellect rather than just her clever manipulations of men. It tries to see her (or her author, who brings Medea home to Athens), as something of...
المؤلف الرئيسي:
التنسيق: كتاب الكتروني
اللغة: English
منشور في:
Boston :
Brill,
2007.
سلاسل:
Mnemosyne, Supplements
286.
Mnemosyne Supplements Online, Volumes 204-407, ISBN: 9789004322288.
الموضوعات:
الوصول للمادة أونلاين: Login to view Source
الوسوم: إضافة وسم
رقم الطلب: PA3978 .L863 2007
| LEADER | 03182cam a2200505 i 4500 | ||
|---|---|---|---|
| 001 | BRILL9789047420149 | ||
| 003 | nllekb | ||
| 005 | 20230529212416.0 | ||
| 006 | m d | ||
| 007 | cr un uuuua | ||
| 008 | 070703s2007 ne sb 001 0 eng d | ||
| 010 | |a 2007298052 | ||
| 016 | 7 | |a B0707502 |2 bccb | |
| 020 | |a 9789047420149 |q (electronic book) | ||
| 020 | |z 9789004160590 |q (print) | ||
| 024 | 7 | |a 10.1163/ej.9789004160590.i-220 |2 DOI | |
| 035 | |a (OCoLC)137282805 | ||
| 040 | |a NL-LeKB |c NL-LeKB |e rda | ||
| 042 | |a lccopycat | ||
| 050 | 4 | |a PA3978 |b .L863 2007 | |
| 082 | 0 | 4 | |a 882/.0109 |2 22 |
| 100 | 1 | |a Luschnig, C. A. E. | |
| 245 | 1 | 0 | |a Granddaughter of the sun : |b a study of Euripides' Medea / |c by C.A.E. Luschnig. |
| 264 | 1 | |a Boston : |b Brill, |c 2007. | |
| 300 | |a 1 online resource. | ||
| 336 | |a text |b txt |2 rdacontent | ||
| 337 | |a computer |b c |2 rdamedia | ||
| 338 | |a online resource |2 rdacarrier | ||
| 490 | 0 | |a Brill eBook titles 2007 | |
| 504 | |a Includes bibliographical references (p. [203]-210) and indexes. | ||
| 505 | 0 | 0 | |t Preliminary Materials / |r C.A.E. Luschnig -- |t Introduction The Polysemous Medea / |r C.A.E. Luschnig -- |t Chapter One. An Ideal Woman / |r C.A.E. Luschnig -- |t Chapter Two. Medea And Jason / |r C.A.E. Luschnig -- |t Chapter Three. ? Ex Machina: If She Is Not A Woman, What Is She? / |r C.A.E. Luschnig -- |t Chapter Four. Medea And Her Children / |r C.A.E. Luschnig -- |t Chapter Five. Medea In Corinth / |r C.A.E. Luschnig -- |t Chapter Six. The Slave's Voice / |r C.A.E. Luschnig -- |t Chapter Seven. The Battle Of The Stories / |r C.A.E. Luschnig -- |t Afterword Medea Among Us / |r C.A.E. Luschnig -- |t Works Consulted / |r C.A.E. Luschnig -- |t Index: Passages Of Medea Cited / |r C.A.E. Luschnig -- |t Index: Thematic And Literary / |r C.A.E. Luschnig. |
| 506 | 1 | |a Available to subscribing member institutions only. | |
| 520 | |a This book attempts to view Medea in a positive light: looking not just at her failed relationships, but also at her successful ones and commenting on her intellect rather than just her clever manipulations of men. It tries to see her (or her author, who brings Medea home to Athens), as something of a political hero. The work considers the multiple facets of Medea, as the ideal wife, as a loving mother, as a woman among women, and how Medea becomes the author of her own story. The author asks what Medea is in the last scene: a demon or one of us; how she relates to the city-state; why this heroic drama is presented through the voices of two slaves. | ||
| 559 | 4 | |a PA3978 .L863 2007 | |
| 600 | 0 | 0 | |a Euripides. |t Medea |x Criticism and interpretation. |
| 650 | 0 | |a Medea (Greek mythology) | |
| 650 | 7 | |a Medea (Euripides) |2 gtt | |
| 776 | 0 | |t Granddaughter of the sun |z 9004160590 |z 9789004160590 | |
| 830 | 0 | |a Mnemosyne, Supplements |v 286. | |
| 830 | 0 | |a Mnemosyne Supplements Online, Volumes 204-407, ISBN: 9789004322288. | |
| 856 | 4 | |z DOI: |u http://dx.doi.org/10.1163/ej.9789004160590.i-220 | |
| 942 | |2 lcc |c EBOOK | ||
| 952 | |0 0 |1 0 |2 lcc |4 0 |6 PA3978 L863 02007 |7 1 |9 48797 |a BRILL |b BRILL |d 2023-05-29 |l 0 |o PA3978 .L863 2007 |r 2023-05-29 00:00:00 |w 2023-05-29 |y EBOOK | ||
| 994 | |a C0 |b NEIDC | ||
| 999 | |c 54141 |d 54141 | ||
